000 023640000a22006730004500
003 LK-CoMWRAF
008 230817t ||||| |||| 00| 0 eng d
040 _aLK-CoMWRAF
_dLK-CoMWRAF
_eLK-CoMWRAF
041 _aeng
082 _a740
_bRAC
245 _aRace Relations in Sri Lanka
_bSocio-Economic Background
260 _bCentre for Society and Religion
_aSri Lanka (Colombo 10)
_c1977
300 _ap.74
490 _aLogos - Volume 16 - No 02
650 _aA Left Approach to the Minority Problem (V.Karalarasingham)
650 _aAnalysis of Possible Solutions
650 _aApproaches to Solutions
650 _aBandaranaike-Chelvanayakam Pact' July 26, 1957
650 _aBurghers
650 _aCeylon Tamil Population
650 _aCitizens by Registration
650 _aCitizenship Act of 1948
650 _aCitizenship by Descent
650 _aDestiny of Population
650 _aDilemma
650 _aDirect Elections
650 _aDiscrimination in Employment
650 _aEducation
650 _aEducational Attainment
650 _aElite Groups
650 _aFanciful Homogeneity
650 _aIdentity of Sri Lanka
650 _aIndian and Pakistani Residents Registration Act 1949
650 _aLandlessness
650 _aMinority Problems - A Socio-Economic Perspective
650 _aMoors and Malays
650 _aNational Economy
650 _aNational Unity (Baddegama Wimalawansa Anunayake Thero)
650 _aPer-Capita Income Levels
650 _aRepublican Constitution
650 _aSenanayake/Chelvanayakam Pact' March 1965
650 _aSirimavo-Shastri Pact
650 _aSocialist Solutions
650 _aSocio-Economic Indicators
650 _aSome Socio-Economic Aspects of Communal Problems (Godfrey Gunatilleke)
650 _aSri Lanka - The People - Nation - Citizenship
650 _aSubjective Nature of Nation
650 _aTamil Estate Workers and Trade Unions
650 _aTamil Frustration
650 _aTamils of Indian Origin
650 _aThe Muslim Community in Sri Lanka & Race Relations (Shirley Candappa)
650 _aThe Unknown Community - The Arundidiars (P.A.W.Perera)
650 _aTrade
650 _aUnemployment
650 _aUnity in Diversity
650 _aUse of Tamil
700 _aBalasuriya,, Tissa
_eed.
942 _cBK
999 _c1739
_d1739